Statistiques concernant Qui a écrit ce livre ?

Cliquez ici pour prendre le quiz!

Statistiques générales

  • Ce quiz a été pris 236 fois
  • Le résultat moyen est 11 sur 15

Statistiques - réponses

HintRéponse% Correct
Harry PotterJ.K Rowling
96%
Les Trois MousquetairesAlexandre Dumas
92%
GerminalEmile Zola
91%
Le Seigneur des AnneauxJ.R.R Tolkien
91%
20 000 Lieues Sous les MersJules Verne
88%
Notre Dame de ParisVictor Hugo
88%
Alice au Pays des MerveillesLewis Caroll
77%
La Gloire de Mon PèreMarcel Pagnol
77%
Oliver TwistCharles Dickens
73%
Da Vinci CodeDan Brown
67%
Les FourmisBernard Werber
63%
Orgueil et PréjugésJane Austen
60%
Les Hauts de HurleventEmily Bronte
52%
Dr Jekyll et Mr HydeR.L Stevenson
51%
Jane EyreCharlotte Bronte
41%

Distribution des résultats

Percentile par nombre de réponses

% des personnes avec chaque résultat

Votre développement - résultats

Vous n’avez pas pris ce quiz